सामाजिक मानसशास्त्र (Record no. 337697)

MARC details
000 -LEADER
fixed length control field 00723nam a2200169Ia 4500
008 - FIXED-LENGTH DATA ELEMENTS--GENERAL INFORMATION
fixed length control field 090711s9999 xx 000 0 und d
082 ## - DEWEY DECIMAL CLASSIFICATION NUMBER
Item number 704
100 ## - MAIN ENTRY--PERSONAL NAME
Personal name पलसाने म. न. / तळवलकर विद्या
245 ## - TITLE STATEMENT
Title सामाजिक मानसशास्त्र
260 ## - PUBLICATION, DISTRIBUTION, ETC. (IMPRINT)
Name of publisher, distributor, etc कॉन्टीनेन्टल प्रकाशन
Date of publication, distribution, etc 2000
300 ## - PHYSICAL DESCRIPTION
Extent 544
600 ## - SUBJECT ADDED ENTRY--PERSONAL NAME
Personal name पलसाने म. न. / तळवलकर विद्या
630 ## - SUBJECT ADDED ENTRY--UNIFORM TITLE
Uniform title सामाजिक मानसशास्त्र
700 ## - ADDED ENTRY--PERSONAL NAME
Personal name पलसाने म. न. / तळवलकर विद्या
730 ## - ADDED ENTRY--UNIFORM TITLE
Uniform title सामाजिक मानसशास्त्र
942 ## - ADDED ENTRY ELEMENTS (KOHA)
Koha item type Book

No items available.